000 00536nmm a2200169Ia 4500
008 251105s9999||||xx |||||||||||||||||und||
020 _a9788484894124
041 _aspa
100 _aGarcés Gómez, María Pilar (ed.)
245 0 _aDiccionario histórico: nuevas perspectivas lingüísticas
264 _a[Madrid, España] :
_bIberoamericana Vervuert,
_c2008
300 _a298 páginas
490 _aLingüística Iberoamericana
650 _aLexicology
856 _uhttps://public.digitaliapublishing.com/a/18335
942 _cCF
999 _c86606
_d86606